书目信息 |
| 题名: |
剩女时代
|
|
| 作者: | 洪理达 著 ;李雪顺 译 | |
| 分册: | ||
| 出版信息: | 福州 鹭江出版社 2016 |
|
| 页数: | 17,200页 | |
| 开本: | 21cm | |
| 丛书名: | ||
| 单 册: | ||
| 中图分类: | D669.1 | |
| 科图分类: | ||
| 主题词: | 女性--nv xing--婚姻问题--社会调查--中国 | |
| 电子资源: | ||
| ISBN: | 978-7-5459-1055-1 | |
| 000 | 01096nam0 22002531 450 | |
| 001 | 0122100750 | |
| 005 | 20170322100750.0 | |
| 010 | @a978-7-5459-1055-1@dCNY38.00 | |
| 100 | @a20160304d2016 em y0chiy50 ea | |
| 101 | 1 | @achi@ceng |
| 102 | @aCN@b350000 | |
| 105 | @aa z 000yy | |
| 106 | @ar | |
| 200 | 1 | @a剩女时代@9sheng nv shi dai@dLeftover women@f(美)洪理达著@g李雪顺译@zeng |
| 210 | @a福州@c鹭江出版社@d2016 | |
| 215 | @a17,200页@c彩照@d21cm | |
| 330 | @a本书共六章,第一章探究在广泛的社会矛盾中,中国媒体大力鼓吹“剩女”问题与政府维护社会稳定的意图相关;第二章讨论年轻女性为躲避“剩女”压力与结婚,这使她们在婚姻生活中做出过多让步;第三章分析大家庭之内的性别不平等现象;第四章梳理后社会主义时代女性财产权利遭到破坏的历史脉络;第五章描述妇女财产权缺失与家暴肆虐的关联;第六章描述女权运动举步维艰的状况。 | |
| 510 | 1 | @aLeftover women@zeng |
| 606 | 0 | @a女性@9nv xing@x婚姻问题@x社会调查@y中国 |
| 690 | @aD669.1@v5 | |
| 701 | 0 | @c(美)@a洪理达@9hong li da@4著 |
| 702 | 0 | @a李雪顺@9li xue shun@f(1969~)@4译 |
| 801 | 0 | @aCN@bTANGWEI@c20170308 |
| 905 | @b0959510-3@dD669.1@e172@f4 | |
| 剩女时代=Leftover women/(美)洪理达著/李雪顺译.-福州:鹭江出版社,2016 |
| 17,200页:彩照;21cm |
| ISBN 978-7-5459-1055-1:CNY38.00 |
| 本书共六章,第一章探究在广泛的社会矛盾中,中国媒体大力鼓吹“剩女”问题与政府维护社会稳定的意图相关;第二章讨论年轻女性为躲避“剩女”压力与结婚,这使她们在婚姻生活中做出过多让步;第三章分析大家庭之内的性别不平等现象;第四章梳理后社会主义时代女性财产权利遭到破坏的历史脉络;第五章描述妇女财产权缺失与家暴肆虐的关联;第六章描述女权运动举步维艰的状况。 |
| ● |
| 相关链接 |
|
|
|
|
正题名:剩女时代
索取号:D669.1/172
 
预约/预借
| 序号 | 登录号 | 条形码 | 馆藏地/架位号 | 状态 | 备注 |
| 1 | 0959510 | 209595106 | 第一样本阅览室/ [索取号:D669.1/172] | 在馆 | |
| 2 | 0959511 | 209595115 | 第一借阅区/ [索取号:D669.1/172] | 在馆 | |
| 3 | 0959512 | 209595124 | 第一借阅区/ [索取号:D669.1/172] | 在馆 | |
| 4 | 0959513 | 209595133 | 第一借阅区/ [索取号:D669.1/172] | 在馆 |